00578nmm a2200193Ia 4500008004100000020001800041041000800059100001800067245003900085264006800124300001800192490002600210650003100236700001800267700002400285856005100309942000700360999001700367251105s9999||||xx |||||||||||||||||und|| a9789681685010 aspa aKaniuk, Yoram 0aWasserman :b Historia de un perro a[México D.C., Mexico] :bFondo de Cultura Económica, c2012 a142 páginas aA Través del Espejo aTeen & Young Adult Fiction aKaniuk, Yoram1 a Oms, Roser Lluch i uhttps://public.digitaliapublishing.com/a/43207 cCF c67383d67383